LIBRARY ONLINE CATALOGUE

World agroforestry into the future (Record no. 18143)

MARC details
000 -LEADER
fixed length control field 00523nam a22001697a 4500
008 - FIXED-LENGTH DATA ELEMENTS--GENERAL INFORMATION
fixed length control field 200121b xxu||||| |||| 00| 0 eng d
020 ## - INTERNATIONAL STANDARD BOOK NUMBER
International Standard Book Number 9290591846
040 ## - CATALOGING SOURCE
Original cataloging agency KABU
Transcribing agency KABU
050 ## - LIBRARY OF CONGRESS CALL NUMBER
Classification number S494.5
Item number .W67 2006 c. 1
245 ## - TITLE STATEMENT
Title World agroforestry into the future
Statement of responsibility, etc. Dennis Garrity, ...[et al.]
260 ## - PUBLICATION, DISTRIBUTION, ETC. (IMPRINT)
Place of publication, distribution, etc. Nairobi, Kenya
Name of publisher, distributor, etc. World Agroforestry Centre
Date of publication, distribution, etc. 2006
300 ## - PHYSICAL DESCRIPTION
Extent ix, 196 p.
650 ## - SUBJECT ADDED ENTRY--TOPICAL TERM
Geographic subdivision Developing countries
650 ## - SUBJECT ADDED ENTRY--TOPICAL TERM
Topical term or geographic name as entry element World Agroforestry Centre
700 ## - ADDED ENTRY--PERSONAL NAME
Personal name Garrity, Dennis
942 ## - ADDED ENTRY ELEMENTS (KOHA)
Source of classification or shelving scheme Library of Congress Classification
Koha item type General Collection
Classification part S494.5
Holdings
Withdrawn status Lost status Source of classification or shelving scheme Not for loan Home library Current library Date acquired Total Checkouts Full call number Barcode Date last seen Copy number Price effective from Koha item type
    Library of Congress Classification   Kabarak, Main Campus Kabarak, Main Campus 21/01/2020   S494.5 .W67 2006 c. 1 023114 21/01/2020 c. 1 21/01/2020 General Collection